| 000 | 00724nam a2200193 i 4500 | ||
|---|---|---|---|
| 001 | 111064 | ||
| 003 | ES-MaACL | ||
| 005 | 20231205205046.0 | ||
| 007 | t| | ||
| 008 | 061121s1934 sp r ||||1| spa d | ||
| 100 | 1 |
_aNaegeli, Otto. _9155592 |
|
| 245 | 1 | 0 |
_aTratado de hematología clínica / _cpor el Dr. Otto Naegeli ; traducido de la 5ª ed. alemana corrg. y aum. por el autor y por el Dr. J. Rof Carballo ; con un prefacio del Prof. D. Gustavo Pittaluga. |
| 260 |
_aBarcelona [etc.] : _bLabor, _c1934. |
||
| 300 |
_aXXVIII, 764 p. : _bil ; _c25 cm. |
||
| 700 | 1 |
_aRof Carballo, Juan, _d1905-1994 _998915 |
|
| 700 | 1 |
_aPittaluga, Gustavo, _d1876-1956 _9155591 |
|
| 852 |
_aES-MaACL _jE-1060 |
||
| 999 |
_c111064 _d111064 |
||